Rappeurs marseillais #2 - Statistiques

Statistiques générales
  • Ce quiz a été pris 154 fois
  • Le résultat moyen est 7 sur 16
Statistiques - réponses
Par images Réponse % Correct
Soprano
98%
Jul
97%
Naps
97%
Alonzo
84%
Soso Maness
76%
l'Algérino
73%
Kofs
58%
Houari
37%
Moubarak
24%
100 Blaze
20%
Kamikaz
18%
Missan
17%
Dadinho
13%
Deen Burbigo
6%
Djiha
4%
Drime
4%
Aucun quiz correspondant
Distribution des résultats
% des personnes avec chaque résultat
Percentile par nombre de réponses
Votre historique - résultats
Vous n’avez pas pris ce quiz